书目信息 |
| 题名: |
中国近代史事探索
|
|
| 作者: | 郭汉民 著 | |
| 分册: | ||
| 出版信息: | 长沙 湖南师范大学出版社 2004 |
|
| 页数: | 317页 | |
| 开本: | 23cm | |
| 丛书名: | ||
| 单 册: | ||
| 中图分类: | K250.7 | |
| 科图分类: | ||
| 主题词: | 中国--近代史--考证 | |
| 电子资源: | ||
| ISBN: | 7-81081-432-X | |
| 000 | 01210nam0 2200313 450 | |
| 000 | 01173nam0 2200301 450 | |
| 000 | 01154nam0 2200313 450 | |
| 000 | 01100nam0 2200289 450 | |
| 000 | 01118nam0 2200277 450 | |
| 000 | 01081nam0 2200265 45 | |
| 001 | TS-168492 | |
| 005 | 20061225145614.92 | |
| 010 | @a7-81081-432-X@dCNY35.00 | |
| 100 | @a20060829e20052004emky0chiy0110 ea | |
| 101 | 0 | @achi |
| 102 | @aCN@b430000 | |
| 105 | @ay z 000yy | |
| 200 | 1 | @a中国近代史事探索@Azhong guo jin dai shi shi tan suo@f郭汉民著@Fguo han min zhu |
| 210 | @a长沙@c湖南师范大学出版社@d2004@h2005重印 | |
| 215 | @a317页@d23cm | |
| 330 | @a本书分六个部分,对中国近代史、晚清史的宏观考察;对晚清具体政策的探索;对近代中国诸多史事的微观分析;讨论近代湖南人才群体及其精神,评析近代湖湘文化的爱国传统;对史学研究的一些思考;有关辛亥革命的研究论文和研究成果的评述。 | |
| 606 | 0 | @a中国@z近代史@x考证 |
| 690 | @aK250.7@v4 | |
| 701 | 0 | @a郭汉民@Aguo han min@4著 |
| 801 | 0 | @aCN@b中图数据@c20061225 |
| 905 | @a10447@dK250.7@e155 | |
| 中国近代史事探索/郭汉民著.-长沙:湖南师范大学出版社,2004(2005重印) |
| 317页;23cm |
| ISBN 7-81081-432-X:CNY35.00 |
| 本书分六个部分,对中国近代史、晚清史的宏观考察;对晚清具体政策的探索;对近代中国诸多史事的微观分析;讨论近代湖南人才群体及其精神,评析近代湖湘文化的爱国传统;对史学研究的一些思考;有关辛亥革命的研究论文和研究成果的评述。 |
| ● |
| 相关链接 |
|
|
|
|
正题名:中国近代史事探索
索取号:K250.7/155
 
预约/预借
| 序号 | 登录号 | 条形码 | 馆藏地/架位号 | 状态 | 备注 |
| 1 | 0611157 | 206111571 | 第二样本阅览室/ [索取号:K250.7/155] | 在馆 | |
| 2 | 0611158 | 206111580 | 第二借阅区/ [索取号:K250.7/155] | 在馆 | |
| 3 | 0611159 | 206111599 | 第二借阅区/ [索取号:K250.7/155] | 在馆 | |
| 4 | 0611160 | 206111606 | 第二借阅区/ [索取号:K250.7/155] | 在馆 | |
| 5 | 0611161 | 206111615 | 第二借阅区/ [索取号:K250.7/155] | 在馆 |